• 首页
  • 本馆介绍
  • 公告通知
  • 最新文献
  • 馆藏检索
  • 电子资源
  • 读者导购
  • 参考咨询
  • 我的图书馆
  • 登录
  • 详细信息显示
  • 放入我的书架
  • 预约/预借图书
  • 作者相关作品
  • 分类相关作品
  • 丛书相关作品
  • 出版社相关作品

书目信息

  • 表格格式
  • 工作单格式
  • 卡片格式
题名:
酸甜苦辣咸五味家常菜
    
 
作者: 董国成 主编
分册:  
出版信息: 北京   金盾出版社  2011
页数: 74页
开本: 23cm
丛书名:
单 册:
中图分类: TS972.182 , TS972.18
科图分类:
主题词: 中式菜肴--家常菜肴--菜谱
电子资源:
ISBN: 978-7-5082-7159-0
000 00806nam0 2200229 450
001 2332778256
005 20231216090724.01
010    @a978-7-5082-7159-0@dCNY19.00
100    @a20120917d2011 em y0chiy50 ea
101 0  @achi
102    @aCN@b110000
105    @aa z 000yy
200 1  @a酸甜苦辣咸五味家常菜@Asuan tian ku la xian wu wei jia chang cai@f主编董国成
210    @a北京@c金盾出版社@d2011
215    @a74页@c彩图@d23cm
330    @a本书是一本介绍五种口味家常菜的菜谱书。本书分为酸、甜、苦、辣、咸五个部分, 每个部分均介绍了味道的来源及菜例的详细制作过程, 每个部分的菜例为40道, 共计200道。
606 0  @a中式菜肴@x家常菜肴@x菜谱
690    @aTS972.182@v5
690    @aTS972.18@v4
701  0 @a董国成@Adong guo cheng@4主编
801  0 @aCN@b湖北三新@c20120917
905    @aZUCC@dTS972.18@e20
    
    酸甜苦辣咸五味家常菜/主编董国成.-北京:金盾出版社,2011
    74页:彩图;23cm
    
    
    ISBN 978-7-5082-7159-0:CNY19.00
    本书是一本介绍五种口味家常菜的菜谱书。本书分为酸、甜、苦、辣、咸五个部分, 每个部分均介绍了味道的来源及菜例的详细制作过程, 每个部分的菜例为40道, 共计200道。
●
相关链接 在五车中查询图书 在当当中查询图书 在豆瓣中查询图书


正题名:酸甜苦辣咸五味家常菜     索取号:TS972.18/20         预约/预借

序号 登录号 条形码 馆藏地/架位号 状态 备注
1 2001662845   2001662845   208书库/ [索取号:TS972.18/20] 在馆    
2 2001662846   2001662846   208书库/ [索取号:TS972.18/20] 在馆    
3 2001662847   2001662847   208书库/ [索取号:TS972.18/20] 在馆    
4 2001662848   2001662848   208书库/ [索取号:TS972.18/20] 在馆    
5 2001662849   2001662849   208书库/ [索取号:TS972.18/20] 在馆    
6 2001662850   2001662850   208书库/ [索取号:TS972.18/20] 在馆    
7 2001662851   2001662851   208书库/ [索取号:TS972.18/20] 在馆    
8 2001662852   2001662852   208书库/ [索取号:TS972.18/20] 在馆    
9 2001662853   2001662853   208书库/ [索取号:TS972.18/20] 在馆    
10 2001662854   2001662854   208书库/ [索取号:TS972.18/20] 在馆    
11 2001662855   2001662855   208书库/ [索取号:TS972.18/20] 在馆    
12 2001662856   2001662856   208书库/ [索取号:TS972.18/20] 在馆    
13 2001662857   2001662857   208书库/ [索取号:TS972.18/20] 在馆    
14 2001662858   2001662858   208书库/ [索取号:TS972.18/20] 在馆    
15 2001662859   2001662859   208书库/ [索取号:TS972.18/20] 在馆    
16 2001662860   2001662860   208书库/ [索取号:TS972.18/20] 在馆    
17 2001662861   2001662861   208书库/ [索取号:TS972.18/20] 在馆    
18 2001662862   2001662862   208书库/ [索取号:TS972.18/20] 在馆    
19 2001662863   2001662863   208书库/ [索取号:TS972.18/20] 在馆    
20 2001662864   2001662864   208书库/ [索取号:TS972.18/20] 在馆    
21 2001662865   2001662865   208书库/ [索取号:TS972.18/20] 在馆    
22 2001662866   2001662866   208书库/ [索取号:TS972.18/20] 在馆    
23 2001662867   2001662867   208书库/ [索取号:TS972.18/20] 在馆    
24 2001662868   2001662868   208书库/ [索取号:TS972.18/20] 在馆    
25 2001662869   2001662869   208书库/ [索取号:TS972.18/20] 在馆    
26 2001662870   2001662870   208书库/ [索取号:TS972.18/20] 在馆    
27 2001662871   2001662871   208书库/ [索取号:TS972.18/20] 在馆    
28 2001662872   2001662872   208书库/ [索取号:TS972.18/20] 在馆    
29 2001662873   2001662873   208书库/ [索取号:TS972.18/20] 在馆    
30 2001662874   2001662874   208书库/ [索取号:TS972.18/20] 在馆    
山东省滨州职业学院图书馆 欢迎您!
大连网信软件有限公司© 版权所有